Le Lièvre et la Tortue - Fables de La Fontaine - Statistiques

Statistiques générales
  • Ce quiz a été pris 350 fois
  • Le résultat moyen est 83 sur 237
Statistiques - réponses
Réponse % Correct
Lièvre
95%
Tortue
94%
à
88%
A
88%
Le
87%
le
87%
la
86%
de
85%
De
85%
et
79%
Et
79%
se
79%
il
78%
Il
78%
ne
76%
courir ;
73%
part,
73%
point.
73%
point
73%
partir
70%
Rien
70%
sert
70%
faut
69%
un
52%
en
49%
son
48%
Ma
47%
ce
44%
pas
42%
une
41%
vit
41%
les
39%
des
38%
que
38%
Que
38%
Si
37%
Elle
36%
elle
36%
sont
36%
vous
36%
pour
32%
Pour
32%
je
31%
mais
31%
au
30%
du
29%
Lui
29%
lui
29%
Avec
27%
avec
27%
dit
27%
On
27%
ou
27%
vitesse ?
26%
Qu'à
25%
quoi,
25%
quoi
25%
va
25%
temps
24%
fin
23%
moi
23%
Moi,
23%
Ni
23%
quand
23%
repose,
22%
tous
22%
comme
21%
fait :
21%
fait
21%
quel
21%
aux
20%
bien !
20%
faire ;
20%
lenteur.
20%
peu
20%
témoignage.
20%
votre
20%
leur
19%
près
19%
y
19%
toute
18%
n'est
17%
première.
17%
Aller
16%
arriva
16%
dormir,
16%
hâte
16%
tard.
16%
but.
15%
but
15%
deux
15%
encore.
15%
fut
15%
maison ?
15%
non,
15%
train
15%
vient
15%
Notre
14%
parie
14%
qu'il
14%
Ainsi
13%
chose
13%
fit
13%
Gageons,
13%
l'on
13%
partit
13%
sage ?
13%
- Sage
13%
Sénateur.
13%
autre
12%
celle-ci,
12%
ceux
12%
Eh
12%
n'atteindrez
12%
n'avait
12%
portiez
12%
purger
12%
quatre
12%
raison ?
12%
Savoir
12%
Sitôt
12%
- Sitôt ?
12%
telle
12%
vent,
12%
bout
11%
broute,
11%
commère,
11%
d'ellébore.
11%
D'où
11%
Etes-vous
11%
grains
11%
laisse
11%
l'animal
11%
lorsque
11%
mit
11%
victoire,
11%
chiens,
10%
gageure
10%
gageure.
10%
landes.
10%
reste
10%
Ayant,
9%
convint.
9%
enjeux :
9%
Furent
9%
gloire,
9%
honneur
9%
juge
9%
léger.
9%
presque
9%
prêt
9%
Tient
9%
arpenter
8%
atteint
8%
avais-je
8%
brouter,
8%
Calendes,
8%
carrière,
8%
cependant
8%
cria-t-elle,
8%
Croit
8%
d'être
8%
écouter
8%
élans
8%
J'entends
8%
l'affaire,
8%
l'autre
8%
l'emporter !
8%
renvoie
8%
Repartit
8%
s'amuse
8%
serait-ce
8%
s'évertue ;
8%
touchait
8%
trait ;
8%
vains :
8%
dis-je,
7%
s'éloigne
7%
las
3%
mé^rise
1%
Aucun quiz correspondant
Distribution des résultats
% des personnes avec chaque résultat
Percentile par nombre de réponses
Votre historique - résultats
Vous n’avez pas pris ce quiz